Nuevas matemáticas para los padres

Saved in:
Bibliografiske detaljer
Main Authors: Lara Corona, María (Author), Antoine, Guacolda (Author)
Format: Bog
Sprog:spansk
Udgivet: Santiago Universitaria 1973
Udgivelse:2a. ed
Serier:Manuales y Monografías
Fag:
Tags: Tilføj Tag
Ingen Tags, Vær først til at tagge denne postø!

MARC

LEADER 00000nam a2200000 a 4500
001 UCQ9977
003 CL-VaPUC
008 990128e19730000CL |||||||||||||||||spa|d
082 0 4 |a 510.7  |b LAR  |2 21 
100 |a Lara Corona, María  |e author  |9 424694 
700 0 |a Antoine, Guacolda  |e author  |9 424695 
245 1 0 |a Nuevas matemáticas para los padres 
250 |a 2a. ed 
300 |a 216 p 
942 |c BK 
945 |d 19990128 00:00:00  |a crobeson 
260 |a Santiago  |b Universitaria  |c 1973 
650 0 |a Matemática  |9 260235 
650 0 |a Teoría de conjuntos   |9 265668 
650 0 |a Teoría de números  |9 265327 
650 0 |a Geometría   |9 264063 
650 0 |a Matemáticas  |x Enseñanza  |9 875527 
583 |a last modification  |c 19990128 00:00:00  |k Rodrigo Vera 
490 0 |a Manuales y Monografías 
999 |c 278865  |d 278863 
952 |0 0  |1 0  |4 0  |6 510_700000000000000_LAR_1973  |7 0  |8 A  |9 317664  |a BIBMAT  |b BIBMAT  |c E_DIDACT  |d 2019-11-20  |i 1319906  |o 510.7 LAR 1973  |p 1319906  |r 2025-01-07  |w 2019-11-20  |y BK  |k MAT